000 00989nam a22003017a 4500
001 BR0401403
003 BR-BrBNA
005 20230928101541.0
007 ta
008 230509b bl.||||| |||| 00| 0 por d
040 _aBR-BrBNA
_bpor
_cBiblioteca Nacional de Agricultura
041 _a(Por)
072 _aF04; F06
_b4110
090 _ 4110 BR0401403
100 1 _aPereira, J.R.D.
110 1 _aUniversidade Federal de Lavras, MG (Brasil)
_0Tese (Mestrado)
245 1 _aAnálise dos efeitos da época de suspensão da fertirrigação e de níveis de reposição de água à cultura do crisântemo (Dendranthema gradiflora)cv. White Diamond
260 3 _aLavras, MG (Brasil):
_c2002.
300 _a54 p.
500 _aSummaries (Eng, Por); 47 ref.; 9 tables; 12 illus.
650 _aCRISÂNTEMO
650 _aRELAÇÃO ÁGUA-PLANTA
650 _aFERTIRRIGAÇÃO
650 _aADUBAÇÃO
650 _aIRRIGAÇÃO
909 _a202309
_bLucia
_c55
_dLucia Elande
942 _cBK
999 _c66375
_d66375